000 00537nam a2200181Ia 4500
005 20250326144427.0
008 250326s9999 xx 000 0 und d
037 _aTextbook
040 _aFMSL
_beng
_cFMSL
041 _aeng
_2eng
084 _aX:71obL P8
_qFMSL
100 _aSwayne L E
_9749634
245 0 _aStrategic management of health care organizations
_cSwayne L E And Others
260 _aUSA
_bUSA, Jossey-Bass
_c2008
365 _b3885.5999999999999
942 _cTB
_hX:71obL P8
999 _c1303656
_d1303656